LEADER 01258nam--2200385---450- 001 990000772360203316 005 20091221131949.0 010 $a3-428-07159-X 035 $a0077236 035 $aUSA010077236 035 $a(ALEPH)000077236USA01 035 $a0077236 100 $a20011126d1991----km-y0itay0103----ba 101 $ager 102 $aDE 105 $a||||||||001yy 200 1 $a<> Hurma$eschariatrechtlicher Schutz vor Eingriffen in die körperliche Unversehrtheit nach arabischen Fatwas des 20. Jahrhunderts$fvon Birgit Krawietz 210 $aBerlin$cDuncker & Humblot$d1991 215 $a373 p$d24 cm 225 2 $aSchriften zur Rechtstheorie$v145 410 $12001$aSchriften zur Rechtstheorie$v145 606 0 $aIslamismo e diritto 676 $a297 700 1$aKRAWIETZ,$bBirgit$0550233 801 0$aIT$bsalbc$gISBD 912 $a990000772360203316 951 $aXXII.1. Coll. 12/ 108 (COLL. AFG 145)$b74383 EC$cXXII.1. Coll. 12/ 108 (COLL. AFG)$d00254012 959 $aBK 969 $aGIU 979 $aPATTY$b90$c20011126$lUSA01$h1716 979 $c20020403$lUSA01$h1724 979 $aPATRY$b90$c20040406$lUSA01$h1653 979 $aRSIAV3$b90$c20091221$lUSA01$h1319 996 $aHurma$9964304 997 $aUNISA